Rural government in india: (Record no. 190053)

MARC details
000 -LEADER
fixed length control field 00575nam a22001817a 4500
005 - DATE AND TIME OF LATEST TRANSACTION
control field 20220718111015.0
010 ## - LCCN (DPL NO)
LC control number ENG-133620
020 ## - INTERNATIONAL STANDARD BOOK NUMBER
International Standard Book Number 9789387253070
Terms of availability 180.00
035 ## - SYSTEM CONTROL NUMBER
System control number EN-117152
037 ## - SOURCE OF ACQUISITION
Source of stock number/acquisition DBAD/PUB
082 ## - DEWEY DECIMAL CLASSIFICATION NUMBER
Classification number 352.0070954
100 ## - MAIN ENTRY--PERSONAL NAME
Personal name Pankaj Singh
245 ## - TITLE STATEMENT
Title Rural government in india:
Remainder of title a study of panchayati raj/
Statement of responsibility, etc by Pankaj Singh
260 ## - PUBLICATION, DISTRIBUTION, ETC. (IMPRINT)
Place of publication, distribution, etc New Delhi
Name of publisher, distributor, etc Kitab Mahal
Date of publication, distribution, etc 2018
270 ## - ADDRESS
Address 8,Hari Sadan Ground Floor 20,Ansari Road Daryaganj,
City New Delhi
Postal code 110002
300 ## - PHYSICAL DESCRIPTION
Extent 200p.
Dimensions 22cm(pbk)
942 ## - ADDED ENTRY ELEMENTS (KOHA)
Source of classification or shelving scheme Dewey Decimal Classification
Item type English Books
Classification part 352.0070954
Call number suffix PAN
Holdings
Withdrawn status Lost status Not for loan Collection code Home library Current library Date acquired Source of acquisition Cost, normal purchase price Full call number Barcode Copy number Cost, replacement price Koha item type
      Non-fiction Bawana Bawana 18/07/2022 DBAD/PUB 180.00 352.0070954 PAN EN-117152 1 180.00 English Books

© Delhi Public Library
Hit Counter
free hit counter